| Tag |
First Indicator |
Second Indicator |
Subfields |
| LEADER |
00000cam a2200000 4500 |
| 001 |
in00000033566 |
| 005 |
20151007061858.0 |
| 008 |
800630s1954 nyua 00000 eng c |
| 035 |
|
|
|a (OCoLC)06473023
|
| 035 |
|
|
|9 AAD3352AM
|
| 040 |
|
|
|a TXA
|c TXA
|d UtOrBLW
|
| 049 |
|
|
|a TXAM
|c [241596]
|
| 090 |
|
|
|a PN1917
|b .D5
|
| 092 |
|
|
|a 808.2
|b D611m
|
| 100 |
1 |
|
|a Disher, M. Willson
|q (Maurice Willson),
|d 1893-1969.
|
| 245 |
1 |
0 |
|a Melodrama: plots that thrilled /
|c illustrated from the Raymond Mander and Joe Mitchenson Theatre Collection.
|
| 264 |
|
1 |
|a New York :
|b Macmillan,
|c 1954.
|
| 300 |
|
|
|a 210 pages :
|b illustrations ;
|c 23 cm.
|
| 336 |
|
|
|a text
|b txt
|2 rdacontent
|
| 337 |
|
|
|a unmediated
|b n
|2 rdamedia
|
| 338 |
|
|
|a volume
|b nc
|2 rdacarrier
|
| 650 |
|
0 |
|a Melodrama.
|
| 999 |
|
|
|a MARS
|
| 999 |
f |
f |
|s 8f66857a-33a5-32b8-965c-ec1605061952
|i 3ff9e50a-8c3e-3d1a-a728-bf1dc4a4ff5f
|t 0
|
| 952 |
f |
f |
|p ric
|a Texas A&M University
|b Rellis Campus
|c Joint Library Facility
|d Remote Storage
|t 0
|e PN1917 .D5
|h Library of Congress classification
|i unmediated -- volume
|m A14801197386
|
| 998 |
f |
f |
|a PN1917 .D5
|t 0
|l Remote Storage
|